000 00574nam a2200169Ia 4500
008 090711s9999 xx 000 0 und d
082 _b14454
100 _aजावडेकर मुरलीधर
245 _aपराभवांSाीं रहस्ये
260 _c1978
300 _a98
600 _aजावडेकर मुरलीधर
630 _aपराभवांSाीं रहस्ये
700 _aजावडेकर मुरलीधर
730 _aपराभवांSाीं रहस्ये
942 _cBOOK
999 _c311829
_d311829